| 000 | 00444nam a2200193Ia 4500 | ||
|---|---|---|---|
| 008 | 170918s9999 xx 000 0 und d | ||
| 020 | _a9780439613835 | ||
| 050 | _bR994 1992 | ||
| 100 | _aRylant, Cynthia | ||
| 245 | _aMising May / | ||
| 245 | _cby Cynthia Rylant. | ||
| 260 | _aNew York : | ||
| 260 | _bScholastic, | ||
| 260 | _c1992 | ||
| 300 | _a89 pages : | ||
| 300 | _bcolor illustration ; | ||
| 300 | _c19cm. | ||
| 500 | _a980 | ||
| 999 |
_c344390 _d344390 |
||